01128nab a22002417a 4500003000400000005001700004008004100021040000700062100003400069245009100103260007300194300001500267500002700282505011900309505010900428505008200537650001800619650001700637650004600654650002600700650001100726773014900737OSt20251215151551.0190429b xxu||||| |||| 00| 0 spa d cPJ aGarcía Cáneva, Luciana B.10aEl estándar de prueba en casos de violencia sexual / cLuciana B. García Cáneva. cCiudad Autónoma de Buenos Aires :aThomson Reuters La Ley, b2025. ap. 135-140 aCita: AR/DOC/184/2025. aSumario: I. Introducción.— II. Caso "D. P., J. A. s/ abuso sexual con acceso carnal".— III. Consideraciones. tFallo comentado: TCrim. Nro. 4, La Plata ~ 24/05/2024 ~ D. P. J. A. s/ abuso sexual con acceso carnal. tSi te interesa el texto completo, solicitalo a koha@justierradelfuego.gov.ar  0aDERECHO PENAL 0aABUSO SEXUAL 0aABUSO SEXUAL CALIFICADO POR ACCESO CARNAL 0aVIOLENCIA DE GÉNERO 0aPRUEBA0 02658tRevista de derecho penal y criminología. Nº 2 - Marzo 2025dCiudad Autónoma de Buenos Aires : Thomson Reuters La Ley, 2017-x00347914